Loading...

Web technologies: HTML, Java script, PHP, Java, JSP, ASP.NET, XML and AJAX

Bibliographic Details
Format: Printed Book
Published: New Delhi Dreamtech 2009
LEADER 00426nam a22001097a 4500
082 |a 005.711  |b WEB 
245 |a Web technologies: HTML, Java script, PHP, Java, JSP, ASP.NET, XML and AJAX 
260 |a New Delhi  |b Dreamtech  |c 2009 
300 |a 1354 
942 |c BK 
999 |c 39732  |d 39732 
952 |0 0  |1 0  |4 0  |6 005_711000000000000_WEB  |7 0  |8 Stack  |9 42329  |a KUCL  |b KUCL  |d 2016-06-03  |l 7  |m 3  |o 005.711 WEB  |p 40982  |q 2020-10-27  |r 2020-09-24  |s 2020-09-24  |w 2016-06-03  |y BK